| 000 | 00686nam a22002297a 4500 | ||
|---|---|---|---|
| 005 | 20170124105941.0 | ||
| 010 | _aA-579727 | ||
| 020 | _c180.00 | ||
| 035 | _aA-579727 | ||
| 037 | _bCen Lib/Ret | ||
| 040 |
_aDPL _bEN |
||
| 082 |
_a250 _2SAT |
||
| 100 |
_aSath, Ved _911123 |
||
| 245 |
_aStudy of biographies of the buddhat : _cby Ved Seth _bbased on pali and sanskrit sources / |
||
| 260 |
_aNew Delhi _bAkay book corporation _c1992 |
||
| 270 |
_bNew Delhi _aFB-23, tagore garden _e110027 |
||
| 300 |
_a252p. _c21cm(Hb) |
||
| 500 | _aIncludes index | ||
| 650 |
_aReligion _y _vbibiliography _911124 |
||
| 650 |
_aBuddhism _91068 |
||
| 942 |
_2ddc _cEN _h250 _mSET |
||
| 999 |
_c124549 _d124549 |
||